| 000 | 00990nam a2200253 i 4500 | ||
|---|---|---|---|
| 001 | bg | ||
| 245 | 0 | 0 |
_aĆwiczenia laboratoryjne z reometrii technicznej : _bpraca zbiorowa / _cpod red. Zdzisława Kembłowskiego i Tomasza Kiljańskiego ; [poszczeg. rozdz. oprac. _nZ. Kembłowski et al.]. |
| 260 |
_aŁódź : _bPŁ, _c1993. |
||
| 300 |
_a203 s. : _brys., wykr. ; _c21 cm. |
||
| 490 | 1 | _aSkrypty dla Szkół Wyższych / Politechnika Łódzka | |
| 521 | _aDla studentów Wydz. Inżynierii Chemicznej i Wydz. Chemii Spożywczej PŁ. | ||
| 650 | 9 |
_aLepkość _xpomiary _xmetody |
|
| 650 | 9 |
_aMechanika płynów _xbadanie _xmetody |
|
| 650 | 9 |
_aReologia _xzagadnienia |
|
| 655 | _aPodręczniki akademickie | ||
| 700 | 1 |
_aKEMBŁOWSKI, Zdzisław. _erd *ws |
|
| 700 | 1 |
_aKILJAŃSKI, Tomasz. _eRed. |
|
| 830 | 0 | _aSkrypty dla Szkół Wyższych (Politechnika Łódzka) | |
| 040 | _cBPK | ||
| 041 | 0 | _apl | |
| 080 | _a532.1(075.8) | ||
| 942 | _cKS | ||
| 008 | s pl f |000 0 pol | ||
| 999 |
_c24530 _d24530 |
||
| 856 |
_uhttp://koha.tu.koszalin.pl/cgi-bin/koha/opac-detail.pl?biblionumber=24530 _yKatalog online BPK |
||